000 004380000a22001810004500
003 MACL
005 20150903125902.0
008 150903b xxu||||| |||| 00| 0 eng d
040 _aMACL
_cMACL
041 _aEnglish
082 _a800/NAR
100 _aNarayan, R K
_98534
245 _aA Tiger For Malgudi
260 _bAllied Publishers Limited
_c1991
_aNew Delhi
350 _a40
650 _aLiterature
_98847
942 _cBK
_k800
_2ddc
999 _c4253
_d4253